000
00199 a2200097 4500
001
18114
100
_a
Harris, T A
245
_a
I'M OK - You'RE Ok
260
_a
_b
Avon Pub
_c
090
_c
13408
_d
13408
942
_a
NUST-CAE
_c
M
_c
3790
999
_c
253187
_d
253187